MARC details
| 000 -LÍDER |
| campo de controle de tamanho fixo |
01582nam a22003857a 4500 |
| 001 - NÚMERO DE CONTROLE |
| campo de controle |
322 |
| 003 - IDENTIFICADOR DO NÚMERO DE CONTROLE |
| campo de controle |
OSt |
| 005 - DATA E HORÁRIO DA ÚLTIMA TRANSAÇÃO |
| campo de controle |
20250528074017.0 |
| 008 - CAMPO DE DADOS FIXOS--INFORMAÇÃO GERAL |
| campo de controle de tamanho fixo |
250326b |||||||e |||| 00| f eng d |
| 020 ## - ISBN - INTERNATIONAL STANDARD BOOK NUMBER |
| ISBN - International Standard Book Number |
9788520930830 |
| 040 ## - FONTE DA CATALOGAÇÃO |
| Idioma da catalogação |
por |
| 041 ## - CÓDIGO DE IDIOMA |
| Código do idioma do original e/ou traduções intermediárias do texto |
fre |
| Código do idioma do texto/trilha sonora ou título diferente |
por |
| 082 ## - CDD - CLASSIFICAÇÃO DECIMAL DE DEWEY |
| Número de Classificação |
843 |
| Número do exemplar |
S251i |
| 100 1# - ENTRADA PRINCIPAL--NOME PESSOAL |
| Nome pessoal |
Sartre, Jean-Paul, |
| Datas associadas ao nome |
1905-1980 |
| 9 (RLIN) |
648 |
| 240 ## - TÍTULO UNIFORME |
| Título uniforme |
L'Âge de Raison |
| 245 ## - TÍTULO |
| Título |
A idade da razão / |
| Indicação de responsabilidade, etc. |
Sartre, Jean-Paul, ; Tradução de Sérgio Milliet |
| 260 ## - PUBLICAÇÃO, DISTRIBUIÇÃO, ETC. |
| Local de publicação, distribuição, etc. |
São Paulo |
| Nome do editor, distribuidor, etc. |
Abril |
| Data da publicação, distribuição, etc. |
1972 |
| 300 ## - DESCRIÇÃO FÍSICA |
| Extensão |
367p. |
| 490 1# - TÍTULO DA SÉRIE |
| Título da série |
Os Imortais da Literatura Universal |
| 490 1# - TÍTULO DA SÉRIE |
| Título da série |
Trilogia: Os caminhos da Liberdade |
| Número do volume ou designação sequencial da série |
vol. 01 |
| 520 ## - NOTA DE RESUMO, ETC. |
| Resumo, etc. |
Em Paris, às vésperas da Segunda Guerra Mundial, Mathieu Delarue defende a idéia da liberdade individual, desprezando qualquer tipo de compromisso. A gravidez inesperada da namorada, em meio à crise político-social da época, põe em xeque seus conceitos e os dos que o cercam. E é seu irmão burguês que vai tentar fazê-lo renunciar à rebeldia, abdicando de seus ideais e se entregando à vida burguesa. |
| 650 #0 - ASSUNTO--TERMO TÓPICO |
| Cabeçalho tópico ou nome geográfico |
Literatura francesa |
| 9 (RLIN) |
122 |
| 650 #0 - ASSUNTO--TERMO TÓPICO |
| Cabeçalho tópico ou nome geográfico |
Filosofia |
| 9 (RLIN) |
4 |
| 650 #0 - ASSUNTO--TERMO TÓPICO |
| Cabeçalho tópico ou nome geográfico |
Existencialismo |
| 9 (RLIN) |
217 |
| 650 #0 - ASSUNTO--TERMO TÓPICO |
| Cabeçalho tópico ou nome geográfico |
Burguesia |
| 9 (RLIN) |
572 |
| 650 #0 - ASSUNTO--TERMO TÓPICO |
| Cabeçalho tópico ou nome geográfico |
Segunda Guerra Mundial, |
| 9 (RLIN) |
649 |
| 650 #0 - ASSUNTO--TERMO TÓPICO |
| Cabeçalho tópico ou nome geográfico |
Liberdade individual |
| 9 (RLIN) |
650 |
| 650 #0 - ASSUNTO--TERMO TÓPICO |
| Cabeçalho tópico ou nome geográfico |
Crise social |
| 9 (RLIN) |
651 |
| 655 #0 - TERMO DE ÍNDICE--GÊNERO E FORMA |
| Gênero/forma/ou termo foco |
Romance |
| 655 #0 - TERMO DE ÍNDICE--GÊNERO E FORMA |
| Gênero/forma/ou termo foco |
Ficção |
| 700 1# - ENTRADA ADICIONADA - NOME PESSOAL |
| Nome pessoal |
Milliet, Sergio, |
| Datas associadas ao nome |
1898-1966 |
| Função do autor por extenso |
TRADUTOR |
| 9 (RLIN) |
588 |
| 830 ## - ENTRADA SECUNDÁRIA DE SÉRIE--TÍTULO UNIFORME |
| Título uniforme |
Os Imortais da Literatura Universal |
| 9 (RLIN) |
461 |
| Número do volume ou designação sequencial da série |
vol. 32 |
| 830 ## - ENTRADA SECUNDÁRIA DE SÉRIE--TÍTULO UNIFORME |
| Título uniforme |
Trilogia: Os caminhos da liberdade |
| 9 (RLIN) |
662 |
| Número do volume ou designação sequencial da série |
vol. 01 |
| 942 ## - ELEMENTOS DE ENTRADA ADICIONADOS (KOHA) |
| Fonte de classificação ou esquema de arquivamento |
Classificação decimal de Dewey |
| Ocultar no OPAC |
Não |
| Tipo de material Koha |
Livros |